|
|
|
|
| LEADER |
01800nam a2200433 i 4500 |
| 001 |
EBC1480531 |
| 003 |
MiAaPQ |
| 005 |
20200520144314.0 |
| 006 |
m o d | |
| 007 |
cr cnu|||||||| |
| 008 |
150531t20132013enk ob 001 0 fre d |
| 020 |
|
|
|z 9788376560199
|
| 020 |
|
|
|a 9788376560205
|q (electronic bk.)
|
| 035 |
|
|
|a (MiAaPQ)EBC1480531
|
| 035 |
|
|
|a (Au-PeEL)EBL1480531
|
| 035 |
|
|
|a (CaPaEBR)ebr11054959
|
| 035 |
|
|
|a (OCoLC)939262535
|
| 040 |
|
|
|a MiAaPQ
|b eng
|e rda
|e pn
|c MiAaPQ
|d MiAaPQ
|
| 050 |
|
4 |
|a PQ1165
|b .B73 2013
|
| 082 |
0 |
|
|a 841.008
|2 23
|
| 100 |
1 |
|
|a Braybrook, Jean,
|e author.
|
| 245 |
1 |
0 |
|a Remy Belleau et l'art de guerir /
|c Jean Braybrook.
|
| 264 |
|
1 |
|a London, England :
|b Versita, Versita Limited,
|c 2013.
|
| 264 |
|
4 |
|c 2013
|
| 300 |
|
|
|a 1 online resource (213 pages).
|
| 336 |
|
|
|a text
|2 rdacontent
|
| 337 |
|
|
|a computer
|2 rdamedia
|
| 338 |
|
|
|a online resource
|2 rdacarrier
|
| 490 |
1 |
|
|a Versita Discipline: Language, Literature
|
| 504 |
|
|
|a Includes bibliographical references and index.
|
| 588 |
|
|
|a Description based on online resource; title from PDF title page (ebrary, viewed May 29, 2015).
|
| 590 |
|
|
|a Electronic reproduction. Ann Arbor, MI : ProQuest, 2016. Available via World Wide Web. Access may be limited to ProQuest affiliated libraries.
|
| 600 |
1 |
0 |
|a Belleau, Remy,
|d 1528-1577.
|
| 650 |
|
0 |
|a French poetry.
|
| 655 |
|
4 |
|a Electronic books.
|
| 776 |
0 |
8 |
|i Print version:
|a Braybrook, Jean.
|t Remy Belleau et l'art de guerir.
|d London, England : Versita, Versita Limited, c2013
|h 213 pages
|k Versita discipline. Language, literature.
|z 9788376560199
|
| 797 |
2 |
|
|a ProQuest (Firm)
|
| 830 |
|
0 |
|a Versita discipline.
|p Language, literature.
|
| 856 |
4 |
0 |
|u https://ebookcentral.proquest.com/lib/matrademy/detail.action?docID=1480531
|z Click to View
|